[Event "Gibtelecom Masters 2nd"]
[Site "Gibraltar"]
[Date "2004.02.05"]
[Round "10.24"]
[White "Fellousi, Abdelaziz"]
[Black "Contin, Daniel"]
[Result "0-1"]
[WhiteElo "2188"]
[BlackElo "2394"]
[PlyCount "74"]
[EventDate "2004.01.27"]
[EventType "swiss"]
[EventRounds "10"]
[EventCountry "GGB"]
[SourceTitle "BritBase"]
[Source "www.saund.co.uk"]
[SourceDate "2018.02.10"]
[SourceVersion "1"]
[SourceVersionDate "2018.02.10"]
[SourceQuality "1"]

1. e4 e6 2. d4 d5 3. Nd2 c5 4. exd5 exd5 5. Bb5+ Bd7 6. Qe2+ Be7 7. dxc5 Nf6 8.
Ngf3 O-O 9. Nb3 Re8 10. Be3 a6 11. Bd3 a5 12. a4 Na6 13. Bxa6 Rxa6 14. O-O Ng4
15. Qd3 Nxe3 16. fxe3 Qc7 17. Qxd5 Bf6 18. Ng5 Bc6 19. Qf5 Bxg2 20. Qxh7+ Kf8
21. Rxf6 Rxf6 22. Qh8+ Ke7 23. Qxg7 Qe5 24. Re1 Rh8 25. Qxh8 Qxg5 26. Qxf6+
Kxf6 27. Kf2 Qh4+ 28. Ke2 Bf3+ 29. Kxf3 Qxe1 30. Ke4 Qb4+ 31. Kd5 Qxa4 32. Nd4
Qe8 33. Kc4 Qxe3 34. c3 Qf2 35. b3 Qxh2 36. Kb5 Qb2 37. Kc4 Kg6 0-1

[Event "Gibtelecom Masters 2nd"]
[Site "Gibraltar"]
[Date "2004.02.05"]
[Round "10.25"]
[White "Vasilevich, Tatjana"]
[Black "Upton, Timothy"]
[Result "1/2-1/2"]
[WhiteElo "2393"]
[BlackElo "2285"]
[PlyCount "77"]
[EventDate "2004.01.27"]
[EventType "swiss"]
[EventRounds "10"]
[EventCountry "GGB"]
[SourceTitle "BritBase"]
[Source "www.saund.co.uk"]
[SourceDate "2018.02.10"]
[SourceVersion "1"]
[SourceVersionDate "2018.02.10"]
[SourceQuality "1"]

1. d4 d5 2. c4 e6 3. Nc3 Be7 4. Nf3 Nf6 5. Bg5 O-O 6. e3 h6 7. Bxf6 Bxf6 8. Qc2
c5 9. O-O-O cxd4 10. exd4 Nc6 11. h4 dxc4 12. Qe4 Nb4 13. Bxc4 Bd7 14. Ne5 b5
15. Be2 Rc8 16. Kb1 Nd5 17. Nxd5 exd5 18. Qd3 Bxe5 19. dxe5 Qb6 20. f4 Qf2 21.
Bf3 Qg3 22. Rhf1 Rc4 23. Qxd5 Bf5+ 24. Ka1 Rxf4 25. Qxb5 Rxh4 26. Bd5 Rf4 27.
Rfe1 Rf2 28. a3 Rd2 29. Qa5 Rxd1+ 30. Rxd1 Qf2 31. Qc7 Bg4 32. Rh1 Qd2 33. Qb7
Qf2 34. Rc1 Bf5 35. Qb3 Bg4 36. e6 Bxe6 37. Bxe6 fxe6 38. Qxe6+ Kh8 39. Qg4
1/2-1/2

[Event "Gibtelecom Masters 2nd"]
[Site "Gibraltar"]
[Date "2004.02.05"]
[Round "10.26"]
[White "Mannion, Stephen R"]
[Black "Harstad, Christian"]
[Result "1-0"]
[WhiteElo "2352"]
[BlackElo "2113"]
[PlyCount "45"]
[EventDate "2004.01.27"]
[EventType "swiss"]
[EventRounds "10"]
[EventCountry "GGB"]
[SourceTitle "BritBase"]
[Source "www.saund.co.uk"]
[SourceDate "2018.02.10"]
[SourceVersion "1"]
[SourceVersionDate "2018.02.10"]
[SourceQuality "1"]

1. e4 e5 2. Nf3 Nc6 3. Bb5 a6 4. Ba4 Nf6 5. O-O Nxe4 6. d4 b5 7. Bb3 d5 8. dxe5
Be6 9. Be3 Bc5 10. Qd3 Bxe3 11. Qxe3 Ne7 12. c3 c5 13. Bc2 Nf5 14. Qe2 Ng5 15.
Nxg5 Qxg5 16. f4 Qg6 17. Qf2 Rc8 18. Nd2 c4 19. Nf3 Qg4 20. Ng5 g6 21. g3 Ne7
22. Bd1 Qf5 23. g4 1-0

[Event "Gibtelecom Masters 2nd"]
[Site "Gibraltar"]
[Date "2004.02.05"]
[Round "10.27"]
[White "Meenakshi, Subbaraman"]
[Black "Eckhardt, Lars"]
[Result "1-0"]
[WhiteElo "2328"]
[BlackElo "2096"]
[PlyCount "153"]
[EventDate "2004.01.27"]
[EventType "swiss"]
[EventRounds "10"]
[EventCountry "GGB"]
[SourceTitle "BritBase"]
[Source "www.saund.co.uk"]
[SourceDate "2018.02.10"]
[SourceVersion "1"]
[SourceVersionDate "2018.02.10"]
[SourceQuality "1"]

1. d4 d5 2. c4 c6 3. Nf3 e6 4. cxd5 exd5 5. Nc3 f5 6. g3 Nf6 7. Bg2 Bd6 8. O-O
Qe7 9. Bf4 O-O 10. Rb1 Ne4 11. Qc2 Nd7 12. Bxd6 Nxd6 13. e3 Nf6 14. Ne5 Ng4 15.
Nd3 g5 16. Rbe1 Qg7 17. f3 Nh6 18. f4 gxf4 19. gxf4 Kh8 20. Ne5 Ng4 21. Kh1 Qh6
22. Bf3 Qh4 23. Qg2 Be6 24. Qg3 Qxg3 25. hxg3 Rg8 26. Bxg4 fxg4 27. Kg2 Raf8
28. Rh1 Bf5 29. Rh6 Ne4 30. Nxe4 Bxe4+ 31. Kf2 Rg7 32. Rc1 Kg8 33. Rh4 Bf5 34.
Rh6 Be4 35. Ke2 Rd8 36. Kd2 Kf8 37. Rh4 Bf5 38. Rch1 Ke7 39. Rh5 Rf8 40. b4 Rf6
41. Rh6 Rxh6 42. Rxh6 Rg8 43. Nd3 Bg6 44. Nc5 Kf6 45. a3 Rg7 46. Nd3 Rg8 47.
Ne5 Kg7 48. Rh1 h5 49. Rc1 Be8 50. Ke2 Kf6 51. Nd3 Rg7 52. Nf2 Kf5 53. e4+ dxe4
54. Rc5+ Ke6 55. Nxe4 Ke7 56. Re5+ Kd8 57. Nd6 Bg6 58. f5 Rd7 59. fxg6 Rxd6 60.
Rg5 Re6+ 61. Kd3 Re8 62. Rxh5 Rg8 63. Rg5 Ke7 64. Rxg4 Kf6 65. Kc4 Kf5 66. Rf4+
Ke6 67. Re4+ Kf6 68. Rf4+ Ke6 69. Rf7 Rxg6 70. Rxb7 a5 71. bxa5 Rxg3 72. Kb4
Kf5 73. Rd7 Ke6 74. Rd8 Rg7 75. a6 Ra7 76. Ka5 Ke7 77. Rh8 1-0

[Event "Gibtelecom Masters 2nd"]
[Site "Gibraltar"]
[Date "2004.02.05"]
[Round "10.32"]
[White "Vinas Guerrero, Carlos A"]
[Black "Cardenas Romo, Alejandro"]
[Result "1-0"]
[WhiteElo "2098"]
[BlackElo "1911"]
[PlyCount "113"]
[EventDate "2004.01.27"]
[EventType "swiss"]
[EventRounds "10"]
[EventCountry "GGB"]
[SourceTitle "BritBase"]
[Source "www.saund.co.uk"]
[SourceDate "2018.02.10"]
[SourceVersion "1"]
[SourceVersionDate "2018.02.10"]
[SourceQuality "1"]

1. e4 d6 2. d4 g6 3. Nc3 Bg7 4. f4 Nf6 5. Nf3 O-O 6. Be2 Na6 7. O-O c5 8. d5
Qb6 9. Nd2 Bd7 10. Nc4 Qd8 11. a4 Nb4 12. Be3 Rb8 13. e5 Ne8 14. Ne4 Bf5 15.
Bf3 b6 16. c3 Na6 17. Qd2 Nac7 18. Rad1 a6 19. g4 Bc8 20. h4 b5 21. axb5 Nxb5
22. h5 gxh5 23. gxh5 f5 24. Ng5 h6 25. Ne6 Bxe6 26. dxe6 Kh8 27. Rf2 Qc8 28.
exd6 Nbxd6 29. Nxd6 Nxd6 30. Qd5 Rg8 31. Rg2 Rb5 32. Qd2 Nc4 33. Qe2 Nxe3 34.
Qxe3 Rxb2 35. Rg6 Bf6 36. Kh1 Rxg6 37. hxg6 Qe8 38. Qxc5 Qxg6 39. Qc8+ Kh7 40.
Rg1 Bg5 41. fxg5 hxg5 42. Qf8 Qxe6 43. Rf1 Qe5 44. Qf7+ Qg7 45. Qxf5+ Qg6 46.
Be4 Qxf5 47. Bxf5+ Kg7 48. c4 Rb7 49. c5 Rc7 50. Rc1 Kf6 51. Bd3 Ke5 52. Bxa6
Kd5 53. c6 e5 54. Bb7 e4 55. Rd1+ Ke6 56. Kg2 Rf7 57. Bc8+ 1-0

[Event "Gibtelecom Masters 2nd"]
[Site "Gibraltar"]
[Date "2004.02.05"]
[Round "10.34"]
[White "Vea, Odin Blikra"]
[Black "Rios Gonzalez, Jose Antonio"]
[Result "1-0"]
[WhiteElo "2053"]
[BlackElo "1883"]
[PlyCount "45"]
[EventDate "2004.01.27"]
[EventType "swiss"]
[EventRounds "10"]
[EventCountry "GGB"]
[SourceTitle "BritBase"]
[Source "www.saund.co.uk"]
[SourceDate "2018.02.10"]
[SourceVersion "1"]
[SourceVersionDate "2018.02.10"]
[SourceQuality "1"]

1. e4 e5 2. Nc3 Bc5 3. f4 Bxg1 4. Rxg1 Qh4+ 5. g3 Qxh2 6. Rg2 Qh1 7. Qe2 exf4
8. Nd5 Kd8 9. d4 c6 10. Nxf4 Nf6 11. e5 Re8 12. Be3 d6 13. O-O-O Bg4 14. exf6
Bxe2 15. Bxe2 Qxd1+ 16. Kxd1 Rxe3 17. fxg7 Re8 18. Bd3 Nd7 19. Nh5 h6 20. Rf2
f6 21. Bf5 Rg8 22. Be6 Ke7 23. Re2 1-0